vocabulaire arbre et fleur - Statistiques

Statistiques générales
  • Ce quiz a été pris 6 fois
  • Le résultat moyen est 31 sur 64
Statistiques - réponses
français italien % Correct
acacia acacia
100%
bégonia begonia
100%
cactus cactus
100%
camélia camelia
100%
cèdre cedro
100%
cosmos cosmos
100%
feuille foglia
100%
tournesol girasole
100%
lavande lavanda
100%
lilas lillà
100%
marguerite margherita
100%
paquerette margherita
100%
mimosa mimosa
100%
mimosa mimosa
100%
orchidée orchidea
100%
coquelicot papavero
100%
poirier pero
100%
platane platano
100%
chêne quercia
100%
racine radice
100%
rose rosa
100%
zinnia zinnia
100%
sapin abete
50%
laurier alloro
50%
bouleau betulla
50%
chataigner castagno
50%
cerisier ciliego
50%
chrisantème crisantemo
50%
tige gambo
50%
géranium geranio
50%
pétale petalo
50%
pin pino
50%
pollen polline
50%
branche ramo
50%
séquoia sequoia
50%
prunier susino
50%
tronc tronco
50%
olivier ulivo
50%
violette viola
50%
érable acero
0%
houx agrifoglio
0%
abricotier albicocco
0%
aubépine biancospino
0%
buisson boschetto
0%
cyprès cipresso
0%
écorce corteccia
0%
eucalyptus eucalipto
0%
fougère felce
0%
jasmin gelsomino
0%
jacinthe giacinto
0%
lys giglio
0%
jonquille guinchiglia
0%
hibiscus ibisco
0%
lotus loto
0%
nénuphar ninfea
0%
épicéa peccio
0%
pivoine peonia
0%
peuplier pioppo
0%
saule pleureur salice piangente
0%
if tasso
0%
tilleul tiglio
0%
tulipe tulipano
0%
verveine verbena
0%
pensée viola del pensiero
0%
Aucun quiz correspondant
Distribution des résultats
% des personnes avec chaque résultat
Percentile par nombre de réponses
Votre historique - résultats
Vous n’avez pas pris ce quiz